<?xml version="1.0" encoding="UTF-8"?>
<collection xmlns="http://www.loc.gov/MARC21/slim">
  <record>
    <leader>00000nam  2200000   4500</leader>
    <controlfield tag="001">INLIS000000000020567</controlfield>
    <controlfield tag="005">20250721115819</controlfield>
    <datafield tag="035" ind1="#" ind2="#">
      <subfield code="a">0010-0725000097</subfield>
    </datafield>
    <controlfield tag="007">ta</controlfield>
    <controlfield tag="008">250721################|##########|#|##</controlfield>
    <datafield tag="084" ind1="#" ind2="#">
      <subfield code="a">R 175 PKN II 2023</subfield>
    </datafield>
    <datafield tag="100" ind1=" " ind2="#">
      <subfield code="a">Arman Alting</subfield>
    </datafield>
    <datafield tag="245" ind1="1" ind2="#">
      <subfield code="a">Si Tata Dinamis (Integrasi Penataan Arsip Dinamis Berbasis Digital) /</subfield>
      <subfield code="c">Arman Alting</subfield>
    </datafield>
    <datafield tag="260" ind1="#" ind2="#">
      <subfield code="a">Jakarta :</subfield>
      <subfield code="b">Pusbangkom Pimnas dan Manajerial ASN,</subfield>
      <subfield code="c">2023</subfield>
    </datafield>
    <datafield tag="300" ind1="#" ind2="#">
      <subfield code="a">66 hlm. ;</subfield>
      <subfield code="c">30 cm</subfield>
    </datafield>
    <datafield tag="650" ind1="#" ind2="4">
      <subfield code="a">Arsip Dinamis Digital</subfield>
    </datafield>
    <datafield tag="520" ind1="#" ind2="#">
      <subfield code="a">Dalam pengelolaan kearsipan yang dilakukan selama ini diperhadapkan pada beberapa masalah, antara lain: kearsipan dinamis belum tertata secara baik, pengelolaan arsip dinamis di OPD masih manual, kurangnya pemahaman tentang aplikasi tata kearsipan dinamis, rendahnya koordinasi antara LKD dan OPD, fasilitas pendukung teknologi digital kurang memadai (jaringan internet) dan belum adanya tenaga arsiparis. Masing-masing OPD mengelola arsip sendiri-sendiri secara manual dan belum terintehrasi dalam suatu sistem sehingga ketika suatu arsip dibutuhkan maka pencariannya membutuhkan waktu yang lama bahkan terkadang ada arsip yang telah hilang dan tidak dapat diemukan lagi kebaradaannya. Selain itu, banyak arsip-arsip inaktif yang masih disimpan dan tidak dilakukan penyusutan arsip.</subfield>
    </datafield>
    <datafield tag="990" ind1="#" ind2="#">
      <subfield code="a">2407175</subfield>
    </datafield>
  </record>
</collection>
